| 000 | 00387nam a2200145 a 4500 | ||
|---|---|---|---|
| 001 | 2978 | ||
| 003 | CDMR | ||
| 005 | 20130116135237.0 | ||
| 008 | 130130s1968||||||||||||||||||||||||||||d | ||
| 040 |
_aCDMR _bcat _cCDMR |
||
| 100 | 1 |
_aCasasús, Josep Maria _9799 |
|
| 245 | 1 | 0 |
_aNueve días del siglo XX, en un diario barcelones... _cJosé M Casasus Guri |
| 260 |
_aBarcelona _c1968 |
||
| 942 | _cTSN | ||
| 999 |
_c2978 _d2978 |
||